| 000 | 01234cam a22003011i 4500 | ||
|---|---|---|---|
| 003 | SA-RiAUC | ||
| 005 | 20250915115526.0 | ||
| 008 | 250914q19001999su g f00010 ara c | ||
| 040 |
_aSA-JeALM _bara _cSA-RiAUC _erda |
||
| 050 | 4 | _b.I26 1900z | |
| 072 | 0 | _a028 | |
| 082 | 0 | 4 |
_a252.2 _qSA-RiAUC |
| 090 |
_a252.2 _b ا ب ن ق |
||
| 100 | 1 |
_aابن قيم الجوزية، محمد بن أبي بكر بن أيوب، _d691-751 هجري _eمؤلف. |
|
| 245 | 1 | 0 |
_aكتاب الصلاة / _cلمحمد بن أبي بكر المعروف بابن قيم الجوزية. |
| 246 | 3 | 0 | _aالصلاة |
| 264 | 1 |
_aالمدينة المنورة : _bالجامعة الإسلامية، _c[بين 1900 و1999] |
|
| 300 |
_a140 صفحة ؛ _c24 سم. |
||
| 336 |
_aنص _btxt _2rdacontent _3كتاب |
||
| 337 |
_aبدون وسيط _bn _2rdamedia |
||
| 490 | 0 | _aمن مطبوعات الجامعة الإسلامية بالمدينة المنورة | |
| 650 | 7 |
_aالصلاة (فقه إسلامي) _2aucsh |
|
| 650 | 7 |
_aالعبادات (فقه إسلامي) _2aucsh |
|
| 650 | 7 |
_aالصلاة (إسلام) _2aucsh |
|
| 942 |
_2ddc _cBOOK _n0 |
||
| 949 |
_aSA-JeALM _d250914 _uosman123 _n1 |
||
| 999 |
_c11768 _d11768 |
||